000 00316nam a2200133Ia 4500
005 20251222144645.0
008 251222s9999||||xx |||||||||||||| ||spa||
020 _a84-8403-416-X
082 _a813/I76
100 _aIrving, Washington
245 0 _aLeyendas de la Alhambra
264 _bEdimat Libros
942 _cLIB
999 _c16840
_d16840